01691cam a2200433 i 450000100090000000300040000900500170001300800410003001000170007102000290008802000260011702500260014303500240016903500210019303700530021404000670026704200210033404300210035505000250037608200180040124500990041926400420051830000290056033600260058933700280061533800270064349000450067050000260071550400670074165000360080865000410084465100420088565100410092770000510096890600450101994200420106495201340110699900170124019264453OSt20231204122825.0160509s2016 ii b 001 0 eng d a 2016331418 a9788125062523 (hardback) a8125062521 (hardback) aI-E-2016331418; 62-92 a(OCoLC)ocn948975635 a(OCoLC)948975635 bLibrary of Congress -- New Delhi Overseas Office aDKAGEbengerdacDKAGEdOCLCOdOCLCAdOCLCFdOCLCOdOCLCQdDLC alccopycatalcode aa-ii---aaz-----00aDS480.84b.D382 201604a954.04bBAN/D00aDecolonisation and the politics of transition in South Asia /cedited by Sekhar Bandyopadhyay. 1aNew Delhi :bOrient BlackSwan,c2016. axiv, 440 pages ;c23 cm. atextbtxt2rdacontent aunmediatedbn2rdamedia avolumebnc2rdacarrier0 aCritical thinking in South Asian history aContributed articles. aIncludes bibliographical references (pages 398-421) and index. 0aDecolonizationzIndiaxHistory. 0aDecolonizationzSouth AsiaxHistory. 0aIndiaxPolitics and governmenty1947- 0aSouth AsiaxPolitics and government.1 aBandyopādhyāẏa, Śekharaeeditor.99992 a7bcbcccopycatd3encipf20gy-gencatlg 2ddccBKh954.04iBAN/Dk954.04mBAN/D 00102ddc40708HISTORYaMESbMEScHISd2023-12-04l0o954.04 BAN/Dp44054r2023-12-04 12:29:00v2150.00w2023-12-04yBKzGL37R3 c43872d43872